[Event "Shenzhen Guangming"]
[Site "Shenzhen"]
[Date "2024.10.27"]
[Round "3"]
[White "Yi, Jingming"]
[Black "Wang, Yi1"]
[Result "0-1"]
[WhiteElo "1460"]
[BlackElo "1766"]
[PlyCount "144"]
[EventDate "2024.10.26"]
[EventType "swiss"]
[EventRounds "9"]
[EventCountry "CHN"]
[SourceTitle "CB45_2024"]
[Source "ChessBase"]
[SourceDate "2024.11.06"]
[SourceVersion "1"]
[SourceVersionDate "2024.11.06"]
[SourceQuality "1"]

1. e4 c6 2. d4 d5 3. exd5 cxd5 4. Bd3 Nc6 5. c3 Nf6 6. h3 e5 7. dxe5 Nxe5 8. Nf3 Nxd3+ 9. Qxd3 Bd6 10. 0-0 0-0 11. Bg5 h6 12. Bxf6 Qxf6 13. Nbd2 Be6 14. Nd4 a5 15. a4 Bd7 16. b3 Rac8 17. Rfe1 Bb8 18. Nf1 Ba7 19. Rac1 Rc7 20. Re2 Bxd4 21. Ne3 Bxe3 22. Rxe3 d4 23. Rf3 Qg5 24. Rc2 Rxc3 25. Rxc3 dxc3 26. Qxc3 Re8 27. Qc4 Re1+ 28. Kh2 Qe5+ 29. Rg3 Be6 30. Qd3 h5 31. Qd2 Re4 32. Kg1 h4 33. Re3 Rxe3 34. fxe3 Qd5 35. Qe1 g5 36. Qc3 Qxb3 37. Qe5 Qd5 38. Qf6 Qd1+ 39. Kh2 Qd6+ 40. Kg1 Qc5 41. Qd8+ Kg7 42. Kh1 Qc1+ 43. Kh2 Qxe3 44. Qxa5 b6 45. Qb5 f6 46. Qc6 Qe5+ 47. Kh1 Bd5 48. Qxb6 Qe1+ 49. Qg1 Qxg1+ 50. Kxg1 f5 51. Kf2 f4 52. a5 Kf6 53. a6 Ke5 54. a7 Kd4 55. Kg1 Kc5 56. Kf2 Kb6 57. Kg1 Kxa7 58. Kf2 Kb6 59. Kf1 Kc5 60. Kf2 Kd4 61. Kf1 Ke3 62. Kg1 Ke2 63. Kh1 Bxg2+ 64. Kxg2 f3+ 65. Kg1 f2+ 66. Kh2 g4 67. hxg4 f1Q 68. g5 h3 69. Kg3 Qf3+ 70. Kh4 h2 71. g6 h1R+ 72. Kg5 Rh5# 0-1